Geometry Dash Main List Demons (Top 75) - Statistics

General Stats
  • This quiz has been taken 123 times
  • The average score is 36 of 75
Answer Stats
Hint Answer % Correct
3 amethyst
96%
4 tidal wave
96%
2 flamewall
95%
1 thinking space ii
95%
5 orbit
90%
8 boobawamba
88%
16 acheron
85%
10 andromeda
84%
6 nullscapes
84%
13 anathema
81%
9 every end
81%
12 silent clubstep
81%
24 slaughterhouse
81%
7 quanteuse processing
77%
11 subsuming vortex
77%
14 ashley wave trials
75%
15 avernus
73%
51 limbo
68%
29 sakupen circles
68%
19 abyss of darkness
67%
18 menace
64%
20 defeated circles
60%
22 kyouki
59%
17 spectre
58%
21 tunnel of despair
58%
35 firework
56%
25 kocmoc
55%
28 chil
53%
49 solar flare
49%
23 subterminal point
49%
26 based after based
48%
39 saul goodman
47%
37 poocubed
45%
30 deimos
44%
31 eyes in the water
44%
57 walter white
44%
27 the lightning rod
41%
32 voltage
41%
36 silentlocked
40%
47 deadlier clubstep
38%
48 edge of destiny
38%
42 minus dry
38%
43 apocalyptic trilogy
37%
44 sevvend clubstep
37%
33 kosetsu
36%
74 arcturus
34%
54 codependence
34%
45 the hallucination
34%
65 the yangire
34%
40 the salt factory
33%
34 through the gates
33%
41 convulsion
32%
52 gaggatrondra
32%
38 snowbound
30%
75 beeline
29%
70 sinister silence
29%
53 belladonna
27%
46 combustion
27%
55 mayhem
27%
50 the catacombs
27%
69 wavterminal
27%
62 decks dark
26%
64 saryyx never clear
26%
56 chromacave
25%
60 damascus
25%
67 ordinary
25%
63 the plunge
25%
72 cimmerian shade
23%
59 operation evolution
23%
73 psychopath
23%
58 infinite chaos
22%
66 climax
21%
61 collapse
21%
68 loops of fury
21%
71 midnight
21%
No matching quizzes found
Score Distribution
Percent of People with Each Score
Percentile by Number Answered
Your Score History
You have not taken this quiz